The new economy: what's new, what's not (Record no. 59276)

000 -LEADER
fixed length control field 00889pab a2200169 454500
008 - FIXED-LENGTH DATA ELEMENTS--GENERAL INFORMATION
fixed length control field 180718b2003 xxu||||| |||| 00| 0 eng d
100 ## - MAIN ENTRY--PERSONAL NAME
Personal name Harms, John B.
245 ## - TITLE STATEMENT
Title The new economy: what's new, what's not
260 ## - PUBLICATION, DISTRIBUTION, ETC.
Date of publication, distribution, etc. 2003
300 ## - PHYSICAL DESCRIPTION
Extent p.413-36.
362 ## - DATES OF PUBLICATION AND/OR SEQUENTIAL DESIGNATION
Dates of publication and/or sequential designation Fall
520 ## - SUMMARY, ETC.
Summary, etc. In this article, the authors evaluate the new economy according to its own claims of growing prosperity and rising standards of living. Using statistics and indicators from the recent economic expansion, they demonstrate that many of the claims about the New Economy's increasing prosperity were highly suspect and remain so today. They conclude that the New Economy discourse is an ideological expression of an explicit political agenda favoring corporate interests. - Reproduced.
650 ## - SUBJECT ADDED ENTRY--TOPICAL TERM
Topical term or geographic name entry element Economics
700 ## - ADDED ENTRY--PERSONAL NAME
Personal name Knapp, Tim
773 ## - HOST ITEM ENTRY
Main entry heading Review of Radical Political Economics
909 ## -
-- 59276
Holdings
Withdrawn status Lost status Damaged status Not for loan Permanent Location Current Location Date acquired Serial Enumeration / chronology Barcode Date last seen Price effective from Koha item type
        Indian Institute of Public Administration Indian Institute of Public Administration 2018-07-19 Volume no: 35, Issue no: 4 AR59721 2018-07-19 2018-07-19 Articles

Powered by Koha